[Event "ROU-ch Men 2018"]
[Site "Olanesti"]
[Date "2018.05.22"]
[Round "9"]
[White "Daianu, Cristian-Clement"]
[Black "Szabo, Gergely-Andras-Gyul"]
[Result "1/2-1/2"]
[WhiteElo "2150"]
[BlackElo "2541"]
[Annotator "TA"]
[PlyCount "86"]
[EventDate "2018.??.??"]
[EventType "swiss"]
[EventCountry "ROU"]
[SourceTitle "playchess.com"]
[Source "ChessBase"]
[SourceQuality "1"]

{[%evp 21,86,0,1,-22,-37,-23,-41,-33,-41,-69,-63,-36,-18,-18,-18,-18,-18,-16,-9,-14,-10,-49,-40,-46,-31,-55,-55,-88,-99,-102,-98,-111,-118,-117,-101,-98,-98,-104,-105,-99,-98,-116,-91,-91,-91,-91,-91,-104,-91,-91,-91,-91,-87,-91,-81,-77,-12,-12,-8,-8,-8,-8,-8,-8,0,0,0]} 1. e4 c5 2. Nf3 d6 3. d4 cxd4 4. Nxd4 Nf6 5. Nc3 Nc6 6. Be2 g6 7. O-O Bg7 8. Nb3 O-O 9. Be3 Be6 10. f4 Qc8 11. Kh1 Rd8 {LiveBook: 142 Games} 12. Qe1 {B74: Sicilian Dragon: Classical System with 9 Nb3} (12. Nd4 Nxd4 13. Bxd4 Bc4 14. a4 e5 15. Be3 d5 16. fxe5 Nxe4 17. Bxc4 Nxc3 18. Qf3 Qxc4 19. bxc3 Rd7 20. Bd4 {0-1 (52) Smirin,I (2663)-Dubov,D (2638) Khanty-Mansiysk 2013}) 12... d5 13. e5 d4 14. exf6 {Black is slightly better.} Bxf6 15. Bd2 {Strongly threatening Ne4.} dxc3 16. Bxc3 Bxb3 $146 ({Predecessor:} 16... Bxc3 17. bxc3 Bf5 18. Rc1 Rd6 19. Qg3 Qd8 {0-1 (35) Farago,S (2255)-Dory,J (2325) Hungary 1998}) 17. axb3 Nd4 18. Bxd4 Rxd4 19. c3 Rd6 20. Bf3 a5 21. Qe4 Rd2 22. Rab1 ({Reject} 22. Qxb7 Qxb7 23. Bxb7 Rb8 $17) 22... Qc7 23. Rfd1 Rad8 24. Rxd2 Rxd2 25. f5 b6 26. fxg6 hxg6 27. b4 a4 28. Qc6 Qf4 29. Qxb6 {[#]} Rxb2 $1 {[%mdl 512]} 30. Qd8+ (30. Rxb2 Qc1+) 30... Kg7 31. Rxb2 Qc1+ 32. Qd1 Qxb2 33. Qxa4 Bxc3 34. b5 Qb1+ 35. Qd1 Qxb5 36. g3 e5 37. Kg2 Bd4 38. Qc2 Qa5 ({Better is} 38... Qb6 $17 {With the idea ...f5.} 39. h4 f5) 39. h4 $1 $11 {[%cal Bh2h4,Bh4h5][%mdl 32] The position is equal.} f5 {Hoping for ...e4.} 40. h5 e4 {[#]} 41. Bxe4 $1 {[%mdl 512]} fxe4 42. Qxe4 Qd2+ 43. Kh3 gxh5 {Precision: White = 77%, Black = 66%.} 1/2-1/2

[Event "ROU-ch Men 2018"]
[Site "Olanesti"]
[Date "2018.05.22"]
[Round "9"]
[White "Paraschiv, Paul-Alexandru"]
[Black "Craciun, Ovidiu"]
[Result "1-0"]
[WhiteElo "2131"]
[BlackElo "1931"]
[Annotator "TA"]
[PlyCount "68"]
[EventDate "2018.??.??"]
[EventType "swiss"]
[EventCountry "ROU"]
[SourceTitle "playchess.com"]
[Source "ChessBase"]
[SourceQuality "1"]

{[%evp 13,68,20,43,34,38,37,39,30,34,37,74,18,107,107,98,98,113,60,211,218,209,192,204,188,210,191,238,241,273,179,148,164,262,215,478,469,477,471,487,443,397,77,62,0,0,0,48,67,141,99,97,102,648,641,587,406,29991]} 1. d4 d6 2. Nf3 g6 3. g3 Bg7 4. Bg2 Nd7 5. O-O c5 (5... e5 6. c4 exd4 7. Nxd4 Ne7 8. Nc3 O-O 9. Bf4 a6 10. Qd2 Ne5 11. b3 Rb8 12. Rad1 Nf5 13. Nxf5 Bxf5 14. Nd5 {1-0 (31) Ding,L (2777)-Mamedov,R (2709) Huaian 2017}) 6. c3 {A41: 1 d4 d6: Tartakower System and Modern Defence} Ngf6 7. Re1 O-O {LiveBook: 3 Games} 8. e4 {White is slightly better.} e5 9. Na3 cxd4 10. cxd4 exd4 $146 ({Predecessor:} 10... Re8 11. dxe5 dxe5 12. Bg5 b6 13. Nc4 Ba6 14. Bf1 Bxc4 15. Bxc4 Nc5 16. Qe2 h6 17. Red1 Qe7 18. Bxf6 Qxf6 19. Rd5 Rad8 {½-½ (19) Archer,R (2014)-McMahon,P (2029) England 2012}) 11. Nxd4 Nc5 12. Ndb5 (12. f3 $16) 12... Bg4 (12... Ng4 $1 $11 {remains equal.}) 13. f3 $16 Be6 14. Be3 (14. Nxd6 $6 Ne8 $11) 14... Nfd7 15. Bd4 (15. Qd2 $16) 15... a6 $2 (15... Ne5 $14) 16. Bxg7 $18 (16. Nxd6 Qb6) 16... Kxg7 17. Nxd6 b5 18. Qd4+ Kg8 19. f4 {[%cal Bf3f4,Bf4f5,Bf5f6][%mdl 32]} Rb8 20. b4 Na4 21. Kh1 Ndb6 22. f5 Bc4 (22... Nc8 {keeps fighting.}) 23. Red1 (23. Naxc4 $6 Nxc4 24. e5 Qb6 $16) 23... Qe7 $2 (23... Qg5 24. f6 (24. Naxc4 Nxc4 25. Nxc4 bxc4 $16) 24... Be6) 24. f6 (24. Naxc4 Nxc4 25. f6 Qxd6 $16) 24... Qe6 25. e5 Kh8 26. Qf4 Bd5 27. Rxd5 $2 (27. Bxd5 Nxd5 28. Qh6 Rg8 $18) (27. Rd4 $18 {and White stays clearly on top. Threatening mate with Qh6.} g5 28. Qxg5) 27... Nxd5 $16 28. Qd4 (28. Qh6 Nxf6 29. exf6 Qxf6 $15) (28. Qg5 $14) 28... Nxf6 $11 29. exf6 Rbd8 30. Rd1 {[%cal Ba1d1,Bd1d2,Bd2b2][%mdl 32] Strongly threatening Nxf7+!} Nb2 {[#]} ({Better is} 30... Kg8 $1 $14) 31. Bh3 $1 $16 {[%cal Rh3e6]} ({Much worse is} 31. Qxb2 $6 Rxd6 32. Rf1 Rfd8 $11) 31... Qxa2 {[#]} 32. Rd2 $1 {Nxf7+! is the strong threat.} Qb3 $2 {[%mdl 8192]} (32... Kg8 $16 33. Qe3 (33. Qxb2 Qxb2 34. Rxb2 Rxd6 $17) (33. Rxb2 Rxd6 34. Rxa2 Rxd4 $17) 33... Qa1+ 34. Kg2 Nd1) 33. Rxb2 $18 Qf3+ 34. Kg1 Qh5 {Precision: White = 57%, Black = 36%.} (34... Kg8 $18 35. Naxb5 axb5) 1-0

[Event "ROU-ch Men 2018"]
[Site "Olanesti"]
[Date "2018.05.22"]
[Round "9"]
[White "Sava, Bogdan"]
[Black "Vasiesiu, Victor"]
[Result "1/2-1/2"]
[WhiteElo "2099"]
[BlackElo "2327"]
[Annotator "TA"]
[PlyCount "57"]
[EventDate "2018.??.??"]
[EventType "swiss"]
[EventCountry "ROU"]
[SourceTitle "playchess.com"]
[Source "ChessBase"]
[SourceQuality "1"]

{[%evp 14,57,39,39,33,28,65,55,70,70,68,75,69,78,70,51,45,48,50,42,49,30,44,32,37,37,136,136,148,172,152,149,164,153,148,162,228,40,37,44,118,114,115,34,36,25]} 1. d4 Nf6 2. Bf4 c5 3. e3 d5 4. Nf3 Nc6 5. c3 e6 6. Bd3 Be7 7. Nbd2 cxd4 8. exd4 {LiveBook: 4 Games} Nh5 {B13: Caro-Kann: Exchange Variation and Panov-Botvinnik Attack} (8... a6 9. a4 Nh5 10. Bg3 Nxg3 11. hxg3 h6 12. Qe2 O-O 13. Bc2 f5 14. O-O Qc7 15. Nb3 Bd7 16. Nc1 {1-0 (39) Moskalenko,A (2522)-Egorenkov,I (2208) Orsha 2018}) 9. Be3 f5 {Black wants to play ...f4.} 10. Ne5 Nf6 11. Ndf3 $146 ({Predecessor:} 11. O-O O-O 12. Qe2 Ne4 13. f3 Nxe5 14. dxe5 Nc5 15. Bc2 b6 16. b4 {1-0 (34) Jonasson,B (2300)-Ornolfsson,M (2180) Reykjavik 1995}) 11... Nxe5 12. Nxe5 O-O 13. O-O Bd7 14. Nxd7 Qxd7 15. Bf4 Bd6 16. Bxd6 Qxd6 17. Qe2 Rae8 18. Rfe1 Ng4 19. g3 Rf6 {[#]} ({Black should try} 19... a6 $14) 20. Bxf5 $1 $16 {[%mdl 512]} Nxf2 {[#]} (20... exf5 21. Qxe8+) 21. Bxh7+ $1 {[%mdl 512]} Kxh7 22. Qh5+ Rh6 23. Qxe8 Ng4 {[#]} 24. Qf7 $1 Nxh2 (24... Rxh2 $142 25. Qf4 Qxf4 26. gxf4 Rxb2) 25. Re5 $2 (25. Kg2 $18) 25... Ng4 $14 26. Rae1 $1 Nxe5 (26... Qb8 $14) 27. Rxe5 $16 {Hoping for Rg5.} Qb8 28. Rg5 ({White should play} 28. g4 $16) 28... Qg8 $14 29. Qe7 {Precision: White = 55%, Black = 47%.} 1/2-1/2

[Event "ROU-ch Men 2018"]
[Site "Olanesti"]
[Date "2018.05.22"]
[Round "9"]
[White "Chima, Radu-Niculin"]
[Black "Ciorgovean, Iustin"]
[Result "0-1"]
[WhiteElo "2095"]
[BlackElo "2169"]
[Annotator "TA"]
[PlyCount "98"]
[EventDate "2018.??.??"]
[EventType "swiss"]
[EventCountry "ROU"]
[SourceTitle "playchess.com"]
[Source "ChessBase"]
[SourceQuality "1"]

{[%evp 17,98,9,10,-14,-13,-36,-35,-50,-47,-53,-49,-112,-58,-52,-49,-46,-24,-23,-22,-55,-10,-88,-100,-87,-92,-177,-168,-294,-280,-301,-289,-295,-304,-287,-293,-401,-395,-449,-402,-466,-530,-518,-517,-516,-487,-515,-371,-595,-507,-632,-262,-239,0,0,0,0,0,0,0,0,0,0,0,-347,-313,-358,-332,-477,-451,-813,-785,-29984,-29985,-29985,-29986,-29986,-29987,-29987,-29988,-29991,-29992,-29995,-29996]} 1. e4 c5 2. Nf3 d6 3. d4 cxd4 4. Nxd4 Nf6 5. Nc3 a6 6. Be2 e5 7. Nb3 Be7 8. Bg5 Be6 9. O-O Nbd7 {LiveBook: 11 Games} 10. Kh1 {B92: Sicilian Najdorf: 6 Be2} (10. Qd3 Rc8 11. Rad1 O-O 12. Rfe1 b5 13. a3 Qc7 14. Qg3 Rfe8 15. Bd3 Nh5 16. Qh4 Bxg5 17. Qxg5 Nf4 {1-0 (70) Perez Mitjans,O (2504)-Cruz,F (2410) Barcelona 2012}) 10... O-O 11. Be3 b5 12. a3 $146 {Black is slightly better.} ({Predecessor:} 12. f3 Nb6 13. Bxb6 Qxb6 14. Bd3 Rac8 15. Qe2 Nh5 16. g3 Nf6 17. Rad1 Rfd8 {½-½ (30) Matthias,K (1642)-Winter,R (1459) Dortmund 2006}) 12... Nb6 13. Bxb6 Qxb6 14. Nd5 (14. Qd3 $15) 14... Bxd5 (14... Nxd5 $17 15. exd5 Bd7) 15. exd5 $15 Ne4 16. Qe1 f5 17. Bd3 Nc5 {[%cal Be4c5,Bc5a4,Ba4b2][%mdl 32]} 18. Qe3 Rac8 19. f4 (19. Nxc5 $11 Qxc5 20. Qxc5 Rxc5 21. f3) 19... e4 $17 {...Na4 is the strong threat.} 20. Be2 Na4 $36 {[%mdl 2048] Black is really pushing.} 21. Nd4 (21. Qc1 $17 {was worth a try.}) 21... Bf6 22. c3 (22. Nxf5 $142 Qxe3 23. Nxe3) 22... Bxd4 $19 ({Don't do} 22... Nxb2 23. Nxf5 Qxe3 24. Nxe3 $19) 23. cxd4 Nxb2 24. Rfc1 Nc4 25. Qc3 Qb7 26. a4 b4 27. Qb3 Na5 28. Qb2 Rxc1+ 29. Rxc1 Rc8 30. Rb1 b3 31. Qd2 Qb6 32. g4 $2 (32. Bd1) 32... Rc2 33. Qe3 b2 (33... Qb4 $142 34. gxf5 Qd2 35. Qxd2 Rxd2) 34. gxf5 {[#]} Qb3 $2 ({Better is} 34... Kf8 $1 $19 {Strongly threatening ...Qb4.} 35. Bh5 Qb4 36. Qxe4 Rc1+ 37. Kg2 Qd2+ 38. Kg3 Rc3+ 39. Kg4 Re3 40. Rxb2 Qd1+ 41. Kg5 {[#]} Qxh5+ $1 {[%mdl 512]} 42. Kxh5 Rxe4) 35. Qxe4 $11 {[%cal Re4e8]} Kf8 (35... Qxa4 36. Qe6+ Kf8 37. Qxd6+ Kg8 38. Qb8+ Rc8 39. Qxc8+ Kf7 40. Bh5+ g6 41. fxg6+ hxg6 42. Qe6+ Kf8 43. Bxg6 Qd1+ 44. Rxd1 Kg7 45. Qf7+ Kh8 46. Qh7#) 36. f6 gxf6 37. Qe6 $1 {[%cal Re6d6]} Rc1+ 38. Kg2 Nb7 {And now ...Qc2 would win.} 39. Qxf6+ Ke8 {aiming for ...Qc2.} 40. Bh5+ $2 {[%mdl 8192]} (40. Qh8+ $11 {and White has nothing to worry.} Ke7 41. Qxh7+ Kd8 42. Bd3 (42. Bxa6 $2 Rc2+ 43. Qxc2 Qxc2+ 44. Kf3 Qxb1 $19)) 40... Kd7 $19 {( -> ...Rc2+)} 41. Qf7+ Kc8 {Threatens to win with ...Qc2+.} 42. Qe8+ (42. Bg4+ {was necessary.} Kb8 43. Qe8+ Ka7 44. Bf5) 42... Kc7 43. Qe7+ (43. Qe4 $142 Kb6 44. Be2) 43... Kb8 44. Qxh7 Rc2+ {Black mates.} 45. Kg1 Qe3+ 46. Kh1 Rc1+ 47. Kg2 Qg1+ 48. Kf3 Rxb1 49. Bg6 Rf1+ {Precision: White = 38%, Black = 62%.} 0-1

[Event "ROU-ch Men 2018"]
[Site "Olanesti"]
[Date "2018.05.22"]
[Round "9"]
[White "Raducanu, Andrei-Augustin"]
[Black "Tufa, Mihai"]
[Result "1-0"]
[WhiteElo "2063"]
[BlackElo "1915"]
[Annotator "NA RC"]
[PlyCount "71"]
[EventDate "2018.??.??"]
[EventType "swiss"]
[EventCountry "ROU"]
[SourceTitle "playchess.com"]
[Source "ChessBase"]
[SourceQuality "1"]
[TimeControl "40/5400+30:1800+30"]

1. e4 {[%emt 0:00:00]} c5 {[%emt 0:00:08]} 2. Nc3 {[%emt 0:00:04]} Nc6 {[%emt 0:00:11]} 3. g3 {[%emt 0:00:04]} g6 {[%emt 0:02:38]} 4. Bg2 {[%emt 0:00:03]} Bg7 {[%emt 0:00:08]} 5. d3 {[%emt 0:00:09]} d6 {[%emt 0:00:33]} 6. Be3 {[%emt 0:00:22]} e5 {[%emt 0:03:36]} 7. Qd2 {[%emt 0:04:19]} Nge7 {[%emt 0:00:27]} 8. Bh6 {[%emt 0:04:36]} Bxh6 {[%emt 0:03:42]} 9. Qxh6 {[%emt 0:00:02]} Ng8 {[%emt 0:00:26]} 10. Qd2 {[%emt 0:01:26]} Nf6 {[%emt 0:00:34]} 11. Nge2 {[%emt 0:16:42]} a6 {[%emt 0:00:32]} 12. a4 {[%emt 0:04:45]} Rb8 {[%emt 0:00:11]} 13. f4 {[%emt 0:00:48]} b5 {[%emt 0:01:19]} 14. axb5 {[%emt 0:00:24]} axb5 {[%emt 0:00:03]} 15. O-O {[%emt 0:13:37]} O-O {[%emt 0:00:57]} 16. Nd1 {[%emt 0:11:04]} Kg7 {[%emt 0:03:13]} 17. Ne3 {[%emt 0:00:53]} Nd4 {[%emt 0:08:31]} 18. f5 {[%emt 0:00:32]} g5 {[%emt 0:02:56]} 19. h4 {[%emt 0:05:28]} g4 {[%emt 0:01:51]} 20. h5 {[%emt 0:06:51]} h6 {[%emt 0:23:19]} 21. Qd1 {[%emt 0:01:11]} Nxe2+ {[%emt 0:04:30]} 22. Qxe2 {[%emt 0:00:58]} Nxh5 {[%emt 0:00:12]} 23. f6+ {[%emt 0:11:28]} Nxf6 {[%emt 0:00:25]} 24. Nf5+ {[%emt 0:00:16]} Kh7 {[%emt 0:08:37]} 25. Qf2 {[%emt 0:09:10]} Ng8 {[%emt 0:01:55]} 26. Qe2 {[%emt 0:01:50]} Nf6 {[%emt 0:00:51]} 27. Qf2 {[%emt 0:00:03]} Ng8 {[%emt 0:00:06]} 28. Ra7 {[%emt 0:02:18]} Rb6 {[%emt 0:00:48]} 29. Ne3 {[%emt 0:01:18]} Be6 {[%emt 0:00:40]} 30. Nd5 {[%emt 0:02:13]} Rc6 {[%emt 0:00:24]} 31. Rfa1 {[%emt 0:00:27]} Qc8 {[%emt 0:09:26]} 32. Bf1 {[%emt 0:01:25]} Qd8 {[%emt 0:02:47]} 33. c3 {[%emt 0:00:55]} Kh8 {[%emt 0:06:53]} 34. Rb7 {[%emt 0:00:31]} f5 {[%emt 0:00:58]} 35. Raa7 {[%emt 0:00:24]} Nf6 {[%emt 0:01:02]} 36. Qh2 {[%emt 0:00:21]} 1-0

[Event "ROU-ch Men 2018"]
[Site "Olanesti"]
[Date "2018.05.22"]
[Round "9"]
[White "Neagu, Liviu"]
[Black "Albu, George"]
[Result "1-0"]
[WhiteElo "2025"]
[BlackElo "2038"]
[Annotator "NA RC"]
[PlyCount "105"]
[EventDate "2018.??.??"]
[EventType "swiss"]
[EventCountry "ROU"]
[SourceTitle "playchess.com"]
[Source "ChessBase"]
[SourceQuality "1"]
[TimeControl "40/5400+30:1800+30"]

1. e4 {[%emt 0:00:00]} c5 2. Nf3 a6 3. c4 d6 4. d4 cxd4 5. Nxd4 Nf6 6. Nc3 g6 7. Be2 Bg7 8. Be3 Nc6 9. O-O O-O 10. h3 Nd7 {B38: Sizilianisch (Maroczy-Aufbau)} (10... Bd7 11. Nb3 a5 12. Nd2 Nb4 13. a3 Na6 14. f4 Bc6 15. Bf3 Nd7 16. Nb3 Nac5 17. Nxc5 Nxc5 18. e5 a4 19. Bxc6 bxc6 20. Bxc5 dxc5 {0-1 (62) Bosiocic,M (2624)-Guseinov,G (2646) Riadh 2017}) 11. Rb1 Nc5 $146 ({Vorgänger:} 11... Re8 12. Re1 Nf6 13. Nf3 Rb8 14. Bf4 Nh5 15. Be3 Nf6 16. Bf4 Nh5 {½-½ (16) Rodriguez,M (1479)-Mendivil Anton,D (2267) Santa Cruz de Tenerife 2002}) 12. b4 Ne6 13. Nxc6 bxc6 14. Na4 Rb8 15. f4 f5 16. exf5 gxf5 17. Bf3 Qc7 18. Qd2 Kh8 19. Nc3 Bb7 20. Rfe1 Ba8 {[%emt 1:30:31]} 21. Bf2 Nxf4 22. Bg3 Ng6 23. c5 f4 24. Bf2 d5 25. Re6 Rf6 26. Rbe1 Rxe6 27. Rxe6 Nf8 28. Re1 e5 29. Bg4 a5 30. b5 Qf7 31. b6 Bb7 32. Na4 Ra8 33. Nb2 Qf6 34. Nd3 Ng6 35. Bh5 e4 36. Bxg6 e3 37. Bxe3 fxe3 38. Qxe3 hxg6 39. Kh1 Rf8 40. Qg3 Bc8 41. Ne5 Bf5 42. b7 Kh7 (42... Kg8 $15) 43. Nf3 Be4 44. Ng5+ Kg8 45. b8=Q Rxb8 46. Qxb8+ Bf8 47. Nxe4 dxe4 48. Rxe4 Kh7 (48... Qa1+ $142 49. Kh2 Qf6) 49. Qe5 Qf2 (49... Qxe5 $142 50. Rxe5 Kg7) 50. Rf4 Qxc5 51. Rh4+ Kg8 52. Rh8+ Kf7 53. Rh7+ 1-0

[Event "ROU-ch Men 2018"]
[Site "Olanesti"]
[Date "2018.05.22"]
[Round "9"]
[White "Rauca, Horatiu-Augustin"]
[Black "Farcadi, Hunor"]
[Result "0-1"]
[WhiteElo "1897"]
[BlackElo "1959"]
[Annotator "NA RC"]
[PlyCount "83"]
[EventDate "2018.??.??"]
[EventType "swiss"]
[EventCountry "ROU"]
[SourceTitle "playchess.com"]
[Source "ChessBase"]
[SourceQuality "1"]
[TimeControl "40/5400+30:1800+30"]

1. e4 {[%emt 0:00:00]} c5 {[%emt 0:00:03]} 2. Nf3 {[%emt 0:00:00]} Nc6 {[%emt 0:00:03]} 3. Nc3 {[%emt 0:00:00]} e5 {[%emt 0:00:25]} 4. Bc4 {[%emt 0:00:00]} d6 {[%emt 0:01:00]} 5. d3 {[%emt 0:00:35]} Be7 {[%emt 0:01:06]} 6. Be3 {[%emt 0:03:33]} Nf6 {[%emt 0:01:32]} 7. h3 {[%emt 0:00:26]} O-O {[%emt 0:04:36]} 8. Qd2 {[%emt 0:06:50]} Nd4 {[%emt 0:09:21]} 9. O-O-O {[%emt 0:05:14]} Bd7 {[%emt 0:04:44]} 10. Nd5 {[%emt 0:00:47]} b5 {[%emt 0:02:28]} 11. Nxf6+ {[%emt 0:00:35]} Bxf6 {[%emt 0:00:17]} 12. Bd5 {[%emt 0:00:05]} Rb8 {[%emt 0:01:18]} 13. c3 {[%emt 0:01:54]} Ne6 {[%emt 0:03:02]} 14. g4 {[%emt 0:02:54]} a5 {[%emt 0:05:23]} 15. g5 {[%emt 0:03:32]} Be7 {[%emt 0:00:08]} 16. Rdg1 {[%emt 0:06:06]} Nc7 {[%emt 0:05:15]} 17. c4 {[%emt 0:11:03]} Nxd5 {[%emt 0:08:13]} 18. cxd5 {[%emt 0:00:26]} Qc8 {[%emt 0:06:12]} 19. Rh2 {[%emt 0:07:33]} Qa6 {[%emt 0:06:23]} 20. Qe2 {[%emt 0:03:39]} Rfc8 {[%emt 0:05:24]} 21. Kb1 {[%emt 0:04:23]} a4 {[%emt 0:02:10]} 22. Nd2 {[%emt 0:06:01]} a3 {[%emt 0:05:11]} 23. b3 {[%emt 0:00:12]} c4 {[%emt 0:00:37]} 24. Rc1 {[%emt 0:05:07]} cxb3 {[%emt 0:03:20]} 25. Nxb3 {[%emt 0:00:10]} Rxc1+ {[%emt 0:00:26]} 26. Nxc1 {[%emt 0:03:33]} b4 {[%emt 0:00:47]} 27. Qd1 {[%emt 0:03:43]} Ba4 {[%emt 0:01:37]} 28. Nb3 {[%emt 0:00:07]} Bb5 {[%emt 0:00:09]} 29. Nc1 {[%emt 0:00:08]} Bd8 {[%emt 0:05:42]} 30. f4 {[%emt 0:04:46]} Bb6 {[%emt 0:03:56]} 31. Bxb6 {[%emt 0:06:27]} Qxb6 {[%emt 0:00:05]} 32. fxe5 {[%emt 0:00:13]} dxe5 {[%emt 0:00:14]} 33. Qb3 {[%emt 0:01:32]} Qd4 {[%emt 0:07:08]} 34. Rc2 {[%emt 0:00:31]} g6 {[%emt 0:01:03]} 35. Rc7 {[%emt 0:01:48]} Rf8 {[%emt 0:03:16]} 36. Rb7 {[%emt 0:04:40]} Rc8 {[%emt 0:03:54]} 37. Rxb5 {[%emt 0:04:18]} Qg1 {[%emt 0:00:34]} 38. Qc4 {[%emt 0:01:35]} Rxc4 {[%emt 0:00:05]} 39. dxc4 {[%emt 0:00:06]} Qe1 {[%emt 0:00:37]} 40. Kc2 {[%emt 0:00:00]} Qc3+ {[%emt 0:00:57]} 41. Kd1 {[%emt 0:01:33]} Qd4+ {[%emt 0:00:52]} 42. Ke1 {[%emt 0:00:27]} 0-1

[Event "ROU-ch Men 2018"]
[Site "Olanesti"]
[Date "2018.05.22"]
[Round "9"]
[White "Berechet, Stefan-Mario"]
[Black "Morariu, Daniel"]
[Result "1/2-1/2"]
[WhiteElo "1879"]
[BlackElo "1656"]
[Annotator "NA RC"]
[PlyCount "129"]
[EventDate "2018.??.??"]
[EventType "swiss"]
[EventCountry "ROU"]
[SourceTitle "playchess.com"]
[Source "ChessBase"]
[SourceQuality "1"]
[TimeControl "40/5400+30:1800+30"]

1. c4 {[%emt 0:00:00]} f5 {[%emt 0:00:16]} 2. Nc3 {[%emt 0:00:00]} e5 {[%emt 0:00:57]} 3. g3 {[%emt 0:00:00]} Nf6 {[%emt 0:00:20]} 4. Bg2 {[%emt 0:00:00]} Be7 {[%emt 0:02:34]} 5. d3 {[%emt 0:00:25]} O-O {[%emt 0:00:58] A21: English Opening: 1...e5 2 Nc3} (5... d6 6. e3 O-O 7. Nge2 c6 8. O-O Be6 9. b3 Nbd7 10. f4 Ng4 11. h3 Ngf6 12. fxe5 Nxe5 13. d4 Nf7 14. d5 Bd7 15. Nd4 Qc8 16. dxc6 bxc6 17. Qc2 {0-1 (39) Sivuk,V (2566)-Deepan Chakkravarthy,J (2478) Chennai 2016}) 6. e3 {[%emt 0:00:14]} Qe8 {[%emt 0:02:34]} 7. Nd5 $146 {[%emt 0:02:32]} ({Predecessor:} 7. Nge2 Nc6 8. Nd5 Bd8 9. Bd2 d6 10. Qc2 a5 11. a3 Qg6 12. O-O-O Ng4 13. Be1 {0-1 (31) Chavez Lazo,J (2192)-Sequera Paolini,J (2427) San Felipe 2008}) 7... Nxd5 {[%emt 0:00:53]} 8. Bxd5+ {[%emt 0:00:05]} Kh8 {[%emt 0:00:05]} 9. Ne2 {[%emt 0:00:24]} c6 {[%emt 0:00:45]} 10. Bg2 {[%emt 0:00:05]} d6 {[%emt 0:02:24]} 11. O-O {[%emt 0:00:32]} Be6 {[%emt 0:02:24]} 12. Nc3 {[%emt 0:02:06]} Nd7 {[%emt 0:01:13]} 13. Qe2 {[%emt 0:00:20]} Qf7 {[%emt 0:02:58]} 14. b3 {[%emt 0:01:12]} Nf6 {[%emt 0:05:53]} 15. Bb2 {[%emt 0:06:49]} Rae8 {[%emt 0:02:53]} 16. f4 {[%emt 0:00:48]} Bd8 {[%emt 0:02:54]} 17. fxe5 {[%emt 0:06:09]} dxe5 {[%emt 0:02:36]} 18. Na4 {[%emt 0:00:55]} Bc7 {[%emt 0:01:22]} 19. Nc5 {[%emt 0:05:30]} Bc8 {[%emt 0:00:29]} 20. Bf3 {[%emt 0:13:21]} Qg6 {[%emt 0:10:03]} 21. Qg2 {[%emt 0:18:03]} Qh6 {[%emt 0:06:15]} 22. Rae1 {[%emt 0:07:11]} f4 {[%emt 0:13:12]} 23. g4 {[%emt 0:02:29]} Qg5 {[%emt 0:04:08]} 24. exf4 {[%emt 0:01:58]} exf4 {[%emt 0:03:08]} 25. Ne4 {[%emt 0:10:24]} Nxe4 {[%emt 0:01:16]} 26. dxe4 {[%emt 0:00:49]} Be5 {[%emt 0:09:32]} 27. Bxe5 {[%emt 0:01:40]} Rxe5 {[%emt 0:00:32]} 28. Rd1 {[%emt 0:00:11]} Rfe8 {[%emt 0:00:57]} 29. Rd2 {[%emt 0:03:05]} Kg8 {[%emt 0:07:13]} 30. Rfd1 {[%emt 0:00:32]} Be6 {[%emt 0:00:45]} 31. h3 {[%emt 0:00:47]} Qh4 {[%emt 0:00:45]} 32. Kh2 {[%emt 0:01:30]} h5 {[%emt 0:01:31]} 33. Qf2 {[%emt 0:03:13]} Qxf2+ {[%emt 0:03:09]} 34. Rxf2 {[%emt 0:00:06]} hxg4 {[%emt 0:01:01]} 35. hxg4 {[%emt 0:00:12]} Kf7 {[%emt 0:00:54]} 36. Kg1 {[%emt 0:03:17]} Rh8 {[%emt 0:01:07]} 37. Rg2 {[%emt 0:01:25]} Rg5 {[%emt 0:03:02]} 38. Kf2 {[%emt 0:00:09]} Kf6 {[%emt 0:01:13]} 39. Ke2 {[%emt 0:01:29]} Ke5 {[%emt 0:01:48]} 40. Kf2 {[%emt 0:00:00]} Rh4 {[%emt 0:02:02]} 41. c5 {[%emt 0:09:12]} Kf6 {[%emt 0:02:48]} 42. Rd6 {[%emt 0:00:27]} Rxc5 {[%emt 0:01:50]} 43. g5+ {[%emt 0:02:09]} Ke7 {[%emt 0:06:55]} 44. Rd2 {[%emt 0:00:24]} Rh3 {[%emt 0:01:35]} 45. Bg4 {[%emt 0:09:30]} Bxg4 {[%emt 0:02:25]} 46. Rxg4 {[%emt 0:00:44]} Rh2+ {[%emt 0:01:17]} 47. Rg2 {[%emt 0:00:05] [#]} Rxg2+ {[%emt 0:00:24]} (47... Rh4 $142 $1 48. g6 Rc3) 48. Kxg2 {[%emt 0:00:03]} Rxg5+ {[%emt 0:06:11]} 49. Kf3 {[%emt 0:00:12]} Rc5 {[%emt 0:01:05]} 50. Kxf4 {[%emt 0:00:40]} g5+ {[%emt 0:01:09]} 51. Kg4 {[%emt 0:00:09]} b5 {[%emt 0:01:05]} 52. Rh2 {[%emt 0:00:33]} Ke6 {[%emt 0:00:50]} 53. Rh5 {[%emt 0:06:05]} (53. Rh7 $15) 53... a5 {[%emt 0:00:59]} 54. a3 {[%emt 0:02:41]} Kd6 $19 {[%emt 0:03:19]} 55. Rh8 {[%emt 0:02:53]} Re5 {[%emt 0:01:29]} 56. Kf3 {[%emt 0:00:55]} Kc5 {[%emt 0:00:41]} 57. Ke3 {[%emt 0:00:05]} a4 {[%emt 0:00:34]} 58. bxa4 {[%emt 0:00:16]} bxa4 {[%emt 0:01:40]} 59. Rb8 {[%emt 0:00:08]} Kd6 {[%emt 0:01:40]} 60. Ra8 {[%emt 0:00:12]} Rb5 {[%emt 0:00:42]} 61. Rxa4 {[%emt 0:00:09]} Rb3+ {[%emt 0:00:18]} 62. Ke2 {[%emt 0:04:23]} Ke5 {[%emt 0:00:26]} 63. Rc4 {[%emt 0:00:48]} Rxa3 {[%emt 0:01:00]} 64. Rxc6 {[%emt 0:00:04]} Kxe4 {[%emt 0:00:31]} 65. Rc4+ {[%emt 0:00:07] Rb3} 1/2-1/2